01031cam a2200265 450000100060000000300080000600500170001400800410003102000150007203500190008704000320010604100130013808200220015110000360017324500820020926000510029130000330034250000420037550400410041765000430045871000850050194200120058699900170059895201500061528133BD-RjUL20211209051237.0700512s1969 ilub b 001 0 eng d a0226142175 a(BD-RjUL)28214 aDLCcDLCdDLCdBD-RjULbeng1 aenghita00a963.065bBOE 19691 aDel Boca, Angelo,d1925-98621714aThe Ethiopian War, 1935-1941 /cTranslated from the Italian by P. D. Cummins. aChicago :bUniversity of Chicago Press,c1969. aix, 289 p. :bill. ;c23 cm. aTranslation of La guerra d'Abissinia. aBibliographical footnotes. and Index 0aItalo-Ethiopian War, 1935-1936.9862182 aThomas Leiper Kane Collection (Library of Congress. Hebraic Section)5DLC968593 2ddccBK c28133d28133 00102ddc40728NFICaRUCLbRUCLcReadingd1970-10-28eSweets & Zeitlengerg76.00l0o963.065 BOE 1969r2014-03-29 00:00:00tC-1w2014-03-29yBK